Übungsbuch zu Voll Allgemeine Volkswirtschaftslehre

Salvato in:
Dettagli Bibliografici
Autore principale: Cassel, Dieter
Altri autori: Thieme, Hans-Jörg, Woll, Artur
Natura: Libro
Lingua:tedesco
Pubblicazione: München Vahlen 1972
Edizione:unveränderter Nachdruck der 1. Aufl.
Tags: Aggiungi Tag
Nessun Tag, puoi essere il primo ad aggiungerne!!

MARC

LEADER 00000nam a2200000 4500
001 c034117
005 20221220102840.9
041 0 |a ger 
044 |a DE 
245 1 0 |a Übungsbuch zu Voll Allgemeine Volkswirtschaftslehre  |c Dieter Cassel, Hans-Jörg Thieme, Artur Woll 
250 |a unveränderter Nachdruck der 1. Aufl. 
264 1 |a München  |b Vahlen  |c 1972 
300 |a 350 s. 
100 1 |a Cassel, Dieter 
700 1 |a Thieme, Hans-Jörg 
700 1 |a Woll, Artur